| 000 | 00712nam a2200265Ia 4500 | ||
|---|---|---|---|
| 001 | 15495 | ||
| 005 | 20240113235628.0 | ||
| 007 | ta | ||
| 008 | 051208s2004 a g b000 u 465 u | ||
| 020 | _a81-245-0044-4 | ||
| 040 | _aCotton College,Assam | ||
| 041 | _a465 | ||
| 082 |
_a574 _bAr 67 Mo |
||
| 100 | _aArora, B.B. . | ||
| 245 | 0 |
_aModern`s ABC of Biology: Class Xl / _cB.B. Arora and A.K. Sabharwal. _hTextual Documents |
|
| 250 | _aRev. ed. / | ||
| 260 |
_aNew Delhi : _bModern Publishers , _c2004. |
||
| 300 |
_a1110p. : _bill ; _c24cm . |
||
| 653 | _aBiology | ||
| 653 | _aG-Biology | ||
| 700 | _aSabharwal, A.K. . | ||
| 942 |
_2ddc _cBK |
||
| 999 |
_c15481 _d15481 |
||